Statistics for Manchester city lineup vs Manchester united 9/12/12

Click here to take the quiz!

General Stats

  • This quiz has been taken 761 times
  • The average score is 9 of 11

Answer Stats

HintAnswer% Correct
GKJoe Hart
98%
STSergio Aguero
97%
CBVincent Kompany
95%
CAMDavid Silva
93%
RBPablo Zabaleta
86%
CM/CDMYaya Toure
86%
LBGael Clichy
79%
STMario Balotelli
78%
CAMSamir Nasri
69%
CM/CDMGareth Barry
65%
CBMatija Nastasic
41%

Score Distribution

Percentile by Number Answered

Percent of People with Each Score

Your Score History

You have not taken this quiz